000 00393nam a2200133Ia 4500
008 151001s9999||||xx |||||||||||||| ||und||
100 _aकर्तार सिंह दुग्गल
245 _aमै क्या लिखता हुँ
250 _a1
260 _bएस के जी पब्लिशर्स
260 _c2010
300 _a110
365 _b21
999 _c995687
_d995684